000 00710nam a2200217 i 4500
001 42100
003 ES-MaACL
005 20240523063019.0
007 t|
008 030312s1957 sp ||||1| spa d
080 _a82-31.09
100 1 _aCastellet, J. M.,
_d1926-2014
_9156498
245 1 3 _aLa hora del lector
_b: notas para una iniciación a la literatura narrativa de nuestros días /
_cJosé María Castellet.
260 _aBarcelona :
_bSeix Barral,
_c1957.
300 _a161 p. ;
_c18 cm.
490 1 _aBiblioteca breve
650 0 4 _aNovela-
_xHistoria y crítica.
_915603
830 0 _aBiblioteca breve (Seix Barral)
_9227188
852 _aES-MaACL
_jC-14516
999 _c42100
_d42100